00603nam a22001217a 4500008004100000040005500041080002400096245028200120260003900402300001600441650001200457653001200469230616b |||||||| |||| 00| 0 eng d aNational Science LibrarycNational Science Library a622.623(082.2) bN0 aSeventy-five years of progress in oil field science and technology c/ A symposium to mark the 75th anniversary of the foundation of the Oil Technology Course at the Royal School of Mines, Imperial College of Science, Technology and Medicine, University of London, 12 July 1988 aRotterdam: bA. A. Balkema, c1988 aviii, 207p. aScience aMining